| 000 | 00388nam a2200145Ia 4500 | ||
|---|---|---|---|
| 008 | 221030s9999 xx 000 0 und d | ||
| 020 | _a9332902577 | ||
| 041 | _aEnglish | ||
| 100 | _aP. Chandra | ||
| 245 | 0 |
_aProjects - Planning, Analysis, Financing, Implementation & Review _cby P. Chandra |
|
| 260 |
_bTMH _aNew Delhi _c2015 |
||
| 300 | _a23.22 | ||
| 650 | _aManagement | ||
| 942 | _cBK | ||
| 999 |
_c17033 _d17033 |
||